000 01028cam a2200241 4500
001 WB3803-20
008 020122n2002 000 0 eng u
035 _a(Sirsi) u116393
245 _aMore heritage renewal projects caught up in state aid confusion
260 _c2002
490 _aRegeneration and Renewal
_v18 January 2002, 2(1)
520 _aHeritage-led regeneration schemes are being held up by European state aid rules which state that public money should not be used to support private sector ventures. At least three local authorities are affected by this including a project by a regional development agency Advantage West Midlands which refused to provide match funding for a heritage project in Stoke-on-Trent.
590 _aWB
650 _aSTATE AID
650 _aREGENERATION SCHEMES
650 _aREGENERATION PROJECTS
650 _aLOCAL AUTHORITIES
650 _aEUROPEAN COMMISSION
650 _aADVANTAGE WEST MIDLANDS
650 _aSTOKE-ON-TRENT
690 _aREGENERATION
942 _n0
999 _c69321
_d69321